| 000 | 00658nam a22002057a 4500 | ||
|---|---|---|---|
| 003 | OSt | ||
| 005 | 20230929074851.0 | ||
| 008 | 150320b xxu||||| |||| 00| 0 eng d | ||
| 020 | _a068304530x | ||
| 040 | _cDLC | ||
| 082 | _aWM 100 K141k 1994 | ||
| 100 |
_aKaplan, Harold I.; Sadock, Benjamin J.;Grebb, Jack A. _93216 |
||
| 245 |
_aKaplan and Sadock's Synopisis of Psychiatry: _bbehavioral sciences clinical psychiatry. |
||
| 250 | _a7th ed. | ||
| 260 |
_aPhiladelphia; _bWilliams & wilkins, _c1994. |
||
| 300 |
_axvi, 1257 p : _bill; _c27 cm. |
||
| 504 | _aIncludes bibliographical references and index. | ||
| 650 |
_aPsychiatry _9351 |
||
| 942 |
_2z _cSLOAN |
||
| 999 |
_c1180 _d1180 |
||